[Event "Catalunya-ch Previa"]
[Site "Girona"]
[Date "2016.01.30"]
[Round "6.7"]
[White "Essabah Morales, Daniel"]
[Black "Gonzalez Vila, Arnau"]
[Result "0-1"]
[WhiteElo "1673"]
[BlackElo "1705"]
[PlyCount "42"]
[EventDate "2016.01.16"]
[EventType "swiss"]
[EventRounds "5"]
[EventCountry "ESP"]
[SourceTitle "EXT 2024"]
[Source "ChessBase"]
[SourceDate "2023.10.10"]
[SourceVersion "1"]
[SourceVersionDate "2023.10.10"]
[SourceQuality "1"]

1. e4 e6 2. d4 d5 3. Nc3 dxe4 4. Nxe4 Bd7 5. Nf3 Bc6 6. Nc3 Nd7 7. Bf4 Ngf6 8. Bd3 Be7 9. 0-0 0-0 10. a3 Bxf3 11. Qxf3 Re8 12. Qxb7 Bd6 13. Qf3 Nf8 14. Ne4 Bxf4 15. Qxf4 Qxd4 16. Nxf6+ Qxf6 17. Qxc7 Qxb2 18. Rfb1 Qf6 19. Be4 Rab8 20. Rxb8 Qxa1+ 21. Rb1 Qxb1# 0-1